Homestuck Trivia - Secret Word 2 - Statistics

General Stats
  • This quiz has been taken 20 times
  • The average score is 8 of 12
Answer Stats
Hint Answer % Correct
John's last name Egbert
93%
Letter altered by Calliope's typing quirk U
87%
Alternian trolls' Heart player Nepeta
73%
Dirk Strider's chumhandle timaeusTestified
73%
Last name? of the boss of the Felt English
67%
Only character in Homestuck to show disinterest to their own typing quirk Eridan
67%
What the alpha kids call the mysterious, seemingly omnipotent feline that lingers around them God Cat
67%
The Green Sun
67%
Last name? of the first guardian that hopes to bring about the end of the universe for his master Scratch
60%
Second trait of Roxy's planet Neon
53%
The 24-hour period leading up to the scratch, when more and more meteors were sent at Skaia the Reckoning
53%
Star of one of John's favorite movies Howie Mandel
7%
No matching quizzes found
Score Distribution
Percent of People with Each Score
Percentile by Number Answered
Your Score History
You have not taken this quiz